Una casa dividida: escritos - debates 1837-1861

Guardado en:
Detalles Bibliográficos
Autor principal: Lincoln, Abraham (autor)
Formato: Libro
Lenguaje:español
Publicado: Buenos Aires Tres Americas 1965
Materias:
Etiquetas: Agregar Etiqueta
Sin Etiquetas, Sea el primero en etiquetar este registro!

MARC

LEADER 00000nam a2200000 a 4500
001 UCP8874
003 CL-VaPUC
005 20241001100057.0
008 000317e19650000AG |||||||||||||||||spa|d
999 |c 285738  |d 285736 
040 |c Pontificia Universidad Católica de Valparaíso 
082 0 4 |a 816  |b LIN  |2 21 
100 |a Lincoln, Abraham  |e autor  |9 860707 
245 1 4 |a Una casa dividida: escritos - debates 1837-1861 
260 |a Buenos Aires  |b Tres Americas  |c 1965 
300 |a 234 p 
583 |a last modification  |c 20000317 00:00:00  |k Rodrigo Vera 
650 7 |a EPISTOLARIO  |2 CL-VaPUC  |9 321776 
650 0 |a Cartas  |9 321777 
650 0 |a Discursos   |9 265028 
650 0 |a Literatura estadounidense  |9 317168 
651 0 |a Estados Unidos  |9 255178 
942 |c BK  |2 ddc 
945 |d 20000317 00:00:00  |a lriquelm 
952 |0 0  |1 0  |4 0  |6 816_000000000000000_LIN_1965  |7 0  |8 A  |9 330507  |a BIBHIS  |b BIBHIS  |d 2019-11-20  |i 1385208  |o 816 LIN 1965  |p 1385208  |r 2025-01-20  |w 2019-11-20  |y BK  |k HIS 
952 |0 0  |1 0  |4 0  |6 816_000000000000000_LIN_1965  |7 0  |8 A  |9 330508  |a BIBHIS  |b BIBHIS  |d 2019-11-20  |i 1385216  |o 816 LIN 1965  |p 1385216  |r 2025-01-20  |w 2019-11-20  |y BK  |k HIS